[Event "Titled Tuesday intern op 5th June"]
[Site "Chess.com INT"]
[Date "2018.06.05"]
[Round "3"]
[White "Beilin, Li"]
[Black "Thakur, Akash"]
[Result "0-1"]
[WhiteElo "2075"]
[BlackElo "2325"]
[PlyCount "38"]
[EventDate "2018.06.05"]
[EventType "swiss (blitz)"]
[EventRounds "10"]
[EventCountry "USA"]
[SourceTitle "EXT 2021"]
[Source "ChessBase"]
[SourceDate "2020.10.23"]
[SourceVersion "1"]
[SourceVersionDate "2020.10.23"]
[SourceQuality "1"]

1. e4 e5 2. Bc4 Nf6 3. d3 Nc6 4. Nc3 Bb4 5. Nge2 d5 6. exd5 Nxd5 7. 0-0 Bxc3 8. Nxc3 Nxc3 9. bxc3 0-0 10. f4 Be6 11. Bb3 Bxb3 12. axb3 Qd5 13. Kh1 e4 14. f5 exd3 15. cxd3 f6 16. d4 Rfe8 17. Bf4 Re7 18. Qc2 Rae8 19. Rad1 Re2 0-1

[Event "Titled Tuesday intern op 3rd April"]
[Site "Chess.com INT"]
[Date "2018.04.03"]
[Round "3"]
[White "Beilin, Li"]
[Black "Maghsoodloo, Parham"]
[Result "0-1"]
[WhiteElo "2145"]
[BlackElo "2601"]
[PlyCount "134"]
[EventDate "2018.04.03"]
[EventType "swiss (blitz)"]
[EventRounds "10"]
[EventCountry "USA"]
[SourceTitle "EXT 2021"]
[Source "ChessBase"]
[SourceDate "2020.10.23"]
[SourceVersion "1"]
[SourceVersionDate "2020.10.23"]
[SourceQuality "1"]

1. e4 e5 2. Bc4 Nf6 3. d3 Bc5 4. Nc3 0-0 5. Bg5 Be7 6. Nf3 d6 7. h3 c6 8. Bb3 Nbd7 9. a3 b5 10. Qd2 Bb7 11. 0-0 a6 12. Nh4 g6 13. Bh6 Re8 14. Nf5 Bf8 15. Bxf8 Nxf8 16. Nh6+ Kg7 17. Nxf7 Qe7 18. Qh6+ Kg8 19. Nxd6+ Kh8 20. Nxe8 Rxe8 21. f4 N8d7 22. fxe5 Qxe5 23. Qh4 c5 24. Rf2 Qd4 25. Raf1 c4 26. dxc4 bxc4 27. Ba4 g5 28. Qxg5 Rg8 29. Qf4 Nh5 30. Qf3 Ndf6 31. Kh2 Qe5+ 32. Kg1 Bc8 33. Nd5 Nxe4 34. Re2 Nhg3 35. Rxe4 Nxe4 36. Nf6 Nd2 37. Qf2 Rd8 38. Re1 Qf5 39. Qxf5 Bxf5 40. Re8+ Rxe8 41. Nxe8 Ne4 42. Nc7 Nc5 43. Bc6 Bxc2 44. Bd5 Bb3 45. Kf2 a5 46. Ke3 Na4 47. Kd4 Nxb2 48. Nb5 a4 49. Nc3 Kg7 50. Ne4 Ba2 51. Nc3 Bb3 52. Ne4 h5 53. Kc3 Nd1+ 54. Kb4 Ne3 55. Nc3 Nc2+ 56. Kc5 Nxa3 57. Ne2 h4 58. Kb4 Nc2+ 59. Kc3 a3 60. Nc1 Ne3 61. Be4 Nd1+ 62. Kb4 a2 63. Nxa2 Bxa2 64. Bd5 c3 65. Be4 Kf6 66. Bc2 Ne3 67. Bd3 c2 0-1

[Event "Titled Tuesday intern op 3rd April"]
[Site "Chess.com INT"]
[Date "2018.04.03"]
[Round "1"]
[White "Nielsen, Hogni Egilstoft"]
[Black "Beilin, Li"]
[Result "0-1"]
[WhiteElo "2386"]
[BlackElo "2140"]
[PlyCount "208"]
[EventDate "2018.04.03"]
[EventType "swiss (blitz)"]
[EventRounds "10"]
[EventCountry "USA"]
[SourceTitle "EXT 2021"]
[Source "ChessBase"]
[SourceDate "2020.10.23"]
[SourceVersion "1"]
[SourceVersionDate "2020.10.23"]
[SourceQuality "1"]

1. e4 c6 2. d4 d5 3. f3 dxe4 4. fxe4 e5 5. Nf3 Bg4 6. Bc4 Nd7 7. 0-0 Ngf6 8. c3 Bd6 9. Qb3 0-0 10. Qxb7 Nxe4 11. Qxc6 Bxf3 12. Rxf3 Ndf6 13. Nd2 Rc8 14. Qa6 exd4 15. Nxe4 Nxe4 16. Bf4 dxc3 17. bxc3 Bc5+ 18. Kh1 Nf2+ 19. Rxf2 Bxf2 20. Rf1 Bb6 21. Bb3 Qf6 22. Bg3 Qg6 23. Bxf7+ Qxf7 24. Rxf7 Kxf7 25. Be5 Rfe8 26. Qb7+ Bc7 27. Qd5+ Kf8 28. Bg3 Bxg3 29. hxg3 Rcd8 30. Qc5+ Kg8 31. Qxa7 Re6 32. g4 Red6 33. a4 R8d7 34. Qb8+ Kf7 35. Qb3+ Ke7 36. Qb4 Kd8 37. a5 Rh6+ 38. Kg1 Rd1+ 39. Kf2 Rf6+ 40. Ke2 Rdd6 41. Qb8+ Ke7 42. Qc7+ Kf8 43. c4 Rc6 44. Qd8+ Kf7 45. Qd5+ Rfe6+ 46. Kf3 Kf8 47. Kf4 Rf6+ 48. Kg3 Rfd6 49. Qb5 Kf7 50. g5 h6 51. Qf5+ Kg8 52. gxh6 Rxh6 53. Qd5+ Kh7 54. Kf4 Rcf6+ 55. Ke3 Re6+ 56. Kf2 Rhf6+ 57. Kg1 Re1+ 58. Kh2 Rh6+ 59. Kg3 Ree6 60. Qd3+ Rhg6+ 61. Kf4 Kg8 62. g4 Rgf6+ 63. Kg3 Rd6 64. Qe4 g6 65. c5 Rde6 66. Qd5 Kg7 67. g5 Re3+ 68. Kg4 Rfe6 69. Kf4 Re1 70. c6 Rf1+ 71. Kg3 Re7 72. Qd6 Rff7 73. a6 Ra7 74. Qd4+ Kg8 75. Qc4 Kg7 76. Kg4 Rfc7 77. Qd4+ Kg8 78. Qf6 Rg7 79. Qd8+ Kh7 80. Kf4 Rge7 81. Qd3 Rac7 82. Qb5 Kg7 83. Qb2+ Kg8 84. Qc3 Ra7 85. Qc5 Rf7+ 86. Ke5 Rf5+ 87. Kd6 Rxc5 88. Kxc5 Rxa6 89. c7 Ra1 90. Kd6 Rd1+ 91. Ke7 Rc1 92. Kd7 Kf7 93. c8Q Rxc8 94. Kxc8 Ke6 95. Kc7 Kf5 96. Kd6 Kxg5 97. Ke5 Kh4 98. Kf4 g5+ 99. Kf3 Kh3 100. Kf2 g4 101. Kg1 Kg3 102. Kh1 Kf2 103. Kh2 g3+ 104. Kh1 g2+ 0-1

[Event "Titled Tuesday intern op 3rd April"]
[Site "Chess.com INT"]
[Date "2018.04.03"]
[Round "5"]
[White "Tsydypov, Zhamsaran"]
[Black "Beilin, Li"]
[Result "1-0"]
[WhiteElo "2523"]
[BlackElo "2148"]
[PlyCount "53"]
[EventDate "2018.04.03"]
[EventType "swiss (blitz)"]
[EventRounds "10"]
[EventCountry "USA"]
[SourceTitle "EXT 2021"]
[Source "ChessBase"]
[SourceDate "2020.10.23"]
[SourceVersion "1"]
[SourceVersionDate "2020.10.23"]
[SourceQuality "1"]

1. e4 c6 2. d4 d5 3. Nc3 dxe4 4. Nxe4 Bf5 5. Ng3 Bg6 6. Nf3 Nd7 7. h4 h6 8. h5 Bh7 9. Bd3 Bxd3 10. Qxd3 e6 11. Bd2 Ngf6 12. 0-0-0 Be7 13. Nf1 Qc7 14. Ne3 0-0-0 15. Nc4 Nb6 16. Nce5 Bd6 17. Ba5 Rhf8 18. Qb3 c5 19. dxc5 Bxc5 20. Nd3 Bd6 21. Rh4 Nfd5 22. Kb1 Be7 23. Rg4 Bf6 24. c4 Ne7 25. c5 Rxd3 26. Qxd3 Qxc5 27. Rc1 1-0

[Event "Titled Tuesday intern op 5th Sept"]
[Site "Chess.com INT"]
[Date "2017.09.05"]
[Round "4"]
[White "Beukes, Dante M"]
[Black "Beilin, Li"]
[Result "1/2-1/2"]
[WhiteElo "1778"]
[BlackElo "2038"]
[PlyCount "137"]
[EventDate "2017.09.05"]
[EventType "swiss (blitz)"]
[EventRounds "10"]
[EventCountry "USA"]
[SourceTitle "EXT 2021"]
[Source "ChessBase"]
[SourceDate "2020.10.23"]
[SourceVersion "1"]
[SourceVersionDate "2020.10.23"]
[SourceQuality "1"]

1. e4 c6 2. d4 d5 3. Nc3 dxe4 4. Nxe4 Bf5 5. Ng3 Bg6 6. h4 h6 7. Nf3 Nd7 8. h5 Bh7 9. Bd3 Bxd3 10. Qxd3 e6 11. Bd2 Ngf6 12. 0-0-0 Be7 13. Ne4 Nxe4 14. Qxe4 Nf6 15. Qe2 Qd5 16. Kb1 0-0 17. Ne5 Qe4 18. Be3 Nd5 19. g4 Nxe3 20. Qxe3 Qxe3 21. fxe3 Bg5 22. Rde1 Rfd8 23. Nf3 Bf6 24. Rhg1 Rac8 25. g5 hxg5 26. Nxg5 Bxg5 27. Rxg5 Rd5 28. Reg1 Rxg5 29. Rxg5 Rd8 30. c4 f6 31. Rg6 Kf7 32. Rg2 Rh8 33. d5 cxd5 34. cxd5 exd5 35. Rc2 Re8 36. Rc5 Ke6 37. Rc7 Re7 38. Rc3 Kf5 39. Rd3 Re5 40. Kc2 Ke6 41. Rc3 Kd7 42. Ra3 a6 43. Kd3 Rxh5 44. Rb3 Kc6 45. Rc3+ Kd6 46. Rb3 Kc7 47. Rc3+ Kb8 48. Rc1 Re5 49. Rh1 Kc7 50. Rh8 g5 51. Rf8 Rf5 52. Rf7+ Kc6 53. a3 Rf2 54. b4 b6 55. Rg7 Kb5 56. Rd7 Rf5 57. Kd4 Ka4 58. Rd6 Kxa3 59. Rxb6 Re5 60. Rxa6+ Kxb4 61. Rxf6 Re4+ 62. Kxd5 Rxe3 63. Kd4 Rg3 64. Rb6+ Ka5 65. Rg6 g4 66. Ke4 Rg1 67. Kf4 g3 68. Rxg3 Rxg3 69. Kxg3 1/2-1/2

[Event "Titled Tuesday intern Qual3 18th April"]
[Site "Chess.com INT"]
[Date "2017.04.18"]
[Round "2"]
[White "Beilin, Li"]
[Black "Johnson, Joel F"]
[Result "1-0"]
[WhiteElo "2133"]
[BlackElo "2223"]
[PlyCount "53"]
[EventDate "2017.04.18"]
[EventType "swiss (blitz)"]
[EventRounds "10"]
[EventCountry "USA"]
[SourceTitle "EXT 2021"]
[Source "ChessBase"]
[SourceDate "2020.10.23"]
[SourceVersion "1"]
[SourceVersionDate "2020.10.23"]
[SourceQuality "1"]

1. e4 Nf6 2. e5 Nd5 3. c4 Nb6 4. d4 d6 5. exd6 cxd6 6. Nc3 g6 7. Be3 Bg7 8. Nf3 0-0 9. b3 Bg4 10. Be2 Nc6 11. Rc1 e5 12. dxe5 dxe5 13. 0-0 Nd4 14. Bxd4 exd4 15. Nxd4 Bxe2 16. Ndxe2 Qg5 17. Ng3 Rad8 18. Qc2 Rd2 19. Qe4 Bxc3 20. Rxc3 Rxa2 21. Qxb7 h5 22. c5 Nd5 23. Ne4 Nxc3 24. Nxg5 Ne2+ 25. Kh1 Nf4 26. c6 Re8 27. Qxf7+ 1-0

[Event "Titled Tuesday intern Qual3 18th April"]
[Site "Chess.com INT"]
[Date "2017.04.18"]
[Round "1"]
[White "Manolache, Marius"]
[Black "Beilin, Li"]
[Result "1-0"]
[WhiteElo "2489"]
[BlackElo "2125"]
[PlyCount "43"]
[EventDate "2017.04.18"]
[EventType "swiss (blitz)"]
[EventRounds "10"]
[EventCountry "USA"]
[SourceTitle "EXT 2021"]
[Source "ChessBase"]
[SourceDate "2020.10.23"]
[SourceVersion "1"]
[SourceVersionDate "2020.10.23"]
[SourceQuality "1"]

1. d4 Nf6 2. Bg5 e6 3. e4 h6 4. Bxf6 Qxf6 5. Nc3 d6 6. Nf3 Qd8 7. Bd3 Be7 8. Qe2 0-0 9. h4 c5 10. dxc5 dxc5 11. 0-0-0 Qc7 12. e5 h5 13. Rhg1 Bd7 14. g4 hxg4 15. Rxg4 Rd8 16. Qe4 f5 17. exf6 Bxf6 18. Rdg1 Bc6 19. Qh7+ Kf8 20. Qh8+ Ke7 21. Rxg7+ Bxg7 22. Qxg7+ 1-0